Statistiques concernant Effectif Portugal - Euro 2016

Cliquez ici pour prendre le quiz!

Statistiques générales

  • Ce quiz a été pris 260 fois
  • Le résultat moyen est 15 sur 24

Statistiques - réponses

POSTECLUBNUMEROJOUEUR% Correct
ATTReal Madrid7Cristiano Ronaldo
98%
DEFReal Madrid3Pepe
95%
GSporting CP1Rui Patrício
91%
ATTLOSC9Éder
89%
GOlympique Lyonnais12Anthony Lopes
84%
ATTBesiktas20Ricardo Quaresma
82%
MILSporting CP23Adrien Silva
74%
ATTBraga18Rafa Silva
74%
MILAS Monaco8João Moutinho
72%
ATTFenerbahçe17Nani
72%
DEFFC Lorient5Raphaël Guerreiro
68%
DEFSouthampton4José Fonte
64%
MILSporting CP14William Carvalho
63%
MILSL Benfica16Renato Sanches
62%
COACH--Fernando Santos
60%
DEFAS Monaco6Ricardo Carvalho
60%
MILFC Porto13Danilo Pereira
54%
MILSporting CP10João Mário
54%
DEFSouthampton21Cédric Soares
53%
DEFFenerbahçe2Bruno Alves
44%
MILValence CF15André Gomes
28%
DEFSL Benfica19Eliseu
27%
DEFWolfsburg11Vieirinha
21%
GDinamo Zagreb22Eduardo
20%

Distribution des résultats

Percentile par nombre de réponses

% des personnes avec chaque résultat

Votre développement - résultats

Vous n’avez pas pris ce quiz